00294nam a2200109Ia 45000010005000000080041000050200018000460820019000641000022000832450062001052600017001671954241024s9999 xx 000 0 und d a88-85401-40-6 a344.0327/H224c aThomas Hammarberg 0aConferencia de 1997. La Escuela y los Derechos del Niño bUNICEFc1997